| 000 | 00988 a2200217 4500 | ||
|---|---|---|---|
| 003 | Nust | ||
| 005 | 20230317102256.0 | ||
| 010 | _a 87026471 | ||
| 020 | _a0070219648 : | ||
| 020 | _a0070219656 (pbk.) : | ||
| 040 | _cNust | ||
| 082 | 0 | 0 | _a621.39,FRE |
| 100 | 1 |
_aFrederiksen, Thomas M. _9110500 |
|
| 245 | 1 | 0 |
_aIntuitive digital computer basics : _ban introduction to the digital world / _cThomas M. Frederiksen. |
| 260 |
_aNew York : _bMcGraw-Hill, _cc1988. |
||
| 300 |
_axiii, 253 p. : _bill. ; _c25 cm. |
||
| 440 | 4 |
_aThe McGraw-Hill series in intuitive IC electronics _9110501 |
|
| 505 | _aSome Preliminary Topics (Page-1), Voltage The Pressure of the Electrons (Page-21), Circuit Components Operating with Direct Current (Page-39), Circuit Components Operating with Direct Current (Page-39), Learning to Think Digital (Page-113), The Techniques of Digital Computers (Page-197), A Look into the Future (Page-241). | ||
| 650 | 0 | _aElectronic digital computers. | |
| 942 |
_2ddc _cBK |
||
| 999 |
_c176749 _d176749 |
||